Matemáticas rápidas - raíces - Estadísticas

Estadísticas generales
  • Esta prueba ha sido intentada 400 veces
  • La puntuación promedio es 20 de 30
Estadísticas de respuestas
Raíce = % Correcto
√64 8
97%
√144 12
95%
∛125 5
93%
√36 6
88%
√81 9
88%
√16 4
87%
√121 11
84%
∛8 2
82%
√4 2
81%
√169 13
80%
∛0 0
78%
√196 14
77%
∛1000 10
74%
∛27 3
74%
∛1 1
72%
√225 15
69%
√400 20
67%
√256 16
65%
∛64 4
65%
∛343 7
65%
√441 21
57%
√289 17
48%
√324 18
47%
∛729 9
47%
∛512 8
46%
∛1331 11
43%
∛3375 15
42%
∛4096 16
38%
∛2197 13
34%
∛1728 12
26%
No se encontraron pruebas coincidentes
Distribución de puntuación
Porcentaje de gente con cada puntuación
Porcentaje por número respondido
Historial de tus puntuaciones
No has intentado esta prueba.